[Event "GLOCAL SQUARE 53rd National Challengers Chess Cham"]
[Site "Naivedhyam Celebration Centre, Nagpur"]
[Date "2015.08.18"]
[Round "3"]
[Board "3"]
[White "Karthik, V.   Ap"]
[Black "Karthikeyan, Murali"]
[Result "0-1"]
[WhiteElo "2256"]
[BlackElo "2510"]
[PlyCount "120"]
[EventDate "2015.08.17"]
[EventRounds "13"]
[EventCountry "IND"]

1. d4 Nf6 2. c4 e6 3. Nc3 d5 4. cxd5 exd5 5. Bg5 Nbd7 6. e3 Be7 7. Bd3 O-O 8.
Qc2 c6 9. Nf3 Re8 10. O-O Nf8 11. h3 g6 12. Rfd1 Ne6 13. Bxf6 Bxf6 14. b4 a6
15. Qb3 Bg7 16. Bf1 Ng5 17. Ne1 Bf8 18. a4 Bd6 19. b5 Bc7 20. h4 Qd6 21. g3
Nh3+ 22. Bxh3 Bxh3 23. b6 Bd8 24. a5 Qf6 25. Na4 Be7 26. Nc5 Bxc5 27. dxc5 Re4
28. Ra4 Rae8 29. Rdd4 Rxe3 30. fxe3 Qf1+ 31. Kh2 Qxe1 32. Ra3 Bf5 33. Qb2 Be4
34. Ra1 Qxe3 35. Ra3 Qh6 36. Rd1 Bf5 37. Qf2 Qf8 38. Re3 Be4 39. Ree1 Re5 40.
Rf1 f5 41. g4 Qe7 42. gxf5 Rxf5 43. Qg3 Qxc5 44. Rxf5 Bxf5 45. Rf1 Qf8 46. Qe5
h5 47. Kg3 Qf7 48. Qb8+ Kg7 49. Qe5+ Kg8 50. Rf3 c5 51. Qc7 c4 52. Qe5 Kh7 53.
Rf2 Qg7 54. Qxd5 c3 55. Qc5 c2 56. Re2 Kh6 57. Re8 g5 58. Qd6+ Kh7 59. Re1 Qc3+
60. Kf2 Qxe1+ 0-1

[Event "GLOCAL SQUARE 53rd National Challengers Chess Cham"]
[Site "Naivedhyam Celebration Centre, Nagpur"]
[Date "2015.08.18"]
[Round "3"]
[Board "4"]
[White "Deepan, Chakkravarthy J."]
[Black "Shreyansh, Daklia"]
[Result "1/2-1/2"]
[WhiteElo "2500"]
[BlackElo "2237"]
[PlyCount "92"]
[EventDate "2015.08.17"]
[EventRounds "13"]
[EventCountry "IND"]

1. g3 d5 2. Bg2 Nf6 3. c4 c6 4. d4 e6 5. Nf3 Nbd7 6. Nc3 Be7 7. O-O O-O 8. Qd3
b6 9. e4 Ba6 10. b3 Rc8 11. e5 Ne8 12. Bb2 Qc7 13. Rfc1 Qb8 14. h4 Nc7 15. Ng5
g6 16. Ne2 c5 17. Qe3 Bb7 18. Bh3 dxc4 19. bxc4 cxd4 20. Bxd4 Nc5 21. h5 Rcd8
22. Bxc5 Bxc5 23. Qf4 Rd7 24. Nc3 Rd4 25. Nge4 Ne8 26. Re1 f5 27. exf6 Qxf4 28.
Bxe6+ Kh8 29. gxf4 Nxf6 30. Nxc5 bxc5 31. Ne2 Re4 32. Ng3 Rxf4 33. hxg6 hxg6
34. Rab1 Ba8 35. Rbd1 Nh7 36. Bd5 Ng5 37. Bxa8 Rxa8 38. Re7 Raf8 39. Rd5 Nh3+
40. Kg2 Rh4 41. Rd2 Nf4+ 42. Kg1 Rb8 43. Rd1 Nh3+ 44. Kg2 Nf4+ 45. Kg1 Nh3+ 46.
Kg2 Nf4+ 1/2-1/2

[Event "GLOCAL SQUARE 53rd National Challengers Chess Cham"]
[Site "Naivedhyam Celebration Centre, Nagpur"]
[Date "2015.08.18"]
[Round "3"]
[Board "5"]
[White "Navalgund, Niranjan"]
[Black "Shyam, Sundar M."]
[Result "0-1"]
[WhiteElo "2245"]
[BlackElo "2499"]
[PlyCount "78"]
[EventDate "2015.08.17"]
[EventRounds "13"]
[EventCountry "IND"]

1. e4 c5 2. Nf3 d6 3. Bb5+ Nd7 4. d4 cxd4 5. Qxd4 a6 6. Bxd7+ Bxd7 7. O-O Rc8
8. c4 e5 9. Qd3 b5 10. Na3 Qb6 11. Be3 Qb7 12. Nd2 Be7 13. f3 Nf6 14. Bg5 h6
15. Bxf6 Qb6+ 16. Kh1 Bxf6 17. cxb5 axb5 18. Nc2 O-O 19. Nb4 Bg5 20. Nd5 Qb7
21. Rfd1 Be6 22. Nf1 Rc4 23. Nfe3 Rd4 24. Qe2 f5 25. f4 Rxd1+ 26. Rxd1 exf4 27.
exf5 Bf7 28. Qf3 Qa8 29. Ng4 Qxa2 30. h4 Bxd5 31. Rxd5 Bxh4 32. Nxh6+ gxh6 33.
Qh5 Bf6 34. Rxb5 Qb1+ 35. Kh2 Qe1 36. Qg6+ Bg7 37. Rb7 Qg3+ 38. Kh1 Qxg6 39.
fxg6 Bd4 0-1

[Event "GLOCAL SQUARE 53rd National Challengers Chess Cham"]
[Site "Naivedhyam Celebration Centre, Nagpur"]
[Date "2015.08.18"]
[Round "3"]
[Board "6"]
[White "Venkatesh, M.R."]
[Black "Deshmukh, Anup"]
[Result "1-0"]
[WhiteElo "2484"]
[BlackElo "2232"]
[PlyCount "79"]
[EventDate "2015.08.17"]
[EventRounds "13"]
[EventCountry "IND"]

1. e4 c5 2. Nc3 a6 3. Nge2 b5 4. g3 Bb7 5. Bg2 e6 6. O-O Nf6 7. d3 d6 8. h3 Qc7
9. g4 b4 10. Na4 Nc6 11. c3 a5 12. Be3 Be7 13. Ng3 O-O 14. f4 Nd7 15. g5 Rfe8
16. h4 Bf8 17. Bf2 Ne7 18. h5 d5 19. Qd2 Rad8 20. e5 Qc6 21. b3 Qb5 22. Rfc1 c4
23. Bf1 d4 24. dxc4 Qc6 25. cxd4 Qf3 26. Qe3 Qg4 27. Kh2 Nxe5 28. dxe5 Nf5 29.
Nxf5 exf5 30. Bh3 Qxh5 31. Rc2 Be4 32. Rd2 Be7 33. Nb6 Rxd2 34. Qxd2 Bf3 35.
Nd5 Bxg5 36. fxg5 Bg4 37. Nf4 Qxg5 38. Qe3 Qh6 39. Nd5 f4 40. Nxf4 1-0

[Event "GLOCAL SQUARE 53rd National Challengers Chess Cham"]
[Site "Naivedhyam Celebration Centre, Nagpur"]
[Date "2015.08.18"]
[Round "3"]
[Board "7"]
[White "Shashikant, Kutwal"]
[Black "Neelotpal, Das"]
[Result "0-1"]
[WhiteElo "2223"]
[BlackElo "2448"]
[PlyCount "51"]
[EventDate "2015.08.17"]
[EventRounds "13"]
[EventCountry "IND"]

1. e4 c5 2. Nf3 e6 3. d4 cxd4 4. Nxd4 a6 5. Nc3 b5 6. Bd3 Qb6 7. Nb3 Qc7 8. O-O
Nc6 9. f4 d6 10. Qf3 Bb7 11. Bd2 Nf6 12. Rae1 b4 13. Nd1 Be7 14. Kh1 O-O 15.
Qh3 Rfd8 16. Ne3 a5 17. f5 Bc8 18. Nc1 Ne5 19. Ne2 d5 20. exd5 exd5 21. Nf4 d4
22. Nd1 Bb7 23. Nf2 Nxd3 24. cxd3 Re8 25. Rc1 Qd7 26. Ng4 0-1

[Event "GLOCAL SQUARE 53rd National Challengers Chess Cham"]
[Site "Naivedhyam Celebration Centre, Nagpur"]
[Date "2015.08.18"]
[Round "3"]
[Board "8"]
[White "Laxman, R.R."]
[Black "Dhulipalla, Bala Chandra Prasad"]
[Result "1-0"]
[WhiteElo "2425"]
[BlackElo "2216"]
[PlyCount "67"]
[EventDate "2015.08.17"]
[EventRounds "13"]
[EventCountry "IND"]

1. b3 e5 2. Bb2 d6 3. g3 g6 4. d4 Bg7 5. dxe5 Nd7 6. Bg2 dxe5 7. Nf3 Ne7 8. O-O
O-O 9. e4 Nc6 10. Qe2 Nc5 11. Rd1 Nd4 12. Nxd4 exd4 13. e5 Ne6 14. Nd2 c5 15.
Ne4 Qc7 16. Nd6 Rb8 17. f4 Bd7 18. Rf1 Bc6 19. Rae1 Rbd8 20. f5 gxf5 21. Bxc6
bxc6 22. Rxf5 Qa5 23. Nc4 Qa6 24. Qd3 Rd5 25. Ref1 h6 26. Bc1 Rd7 27. Rh5 Re8
28. Bxh6 Bxh6 29. Rxh6 Nf8 30. Rf4 Re6 31. Rxe6 fxe6 32. Qf3 Qc8 33. Nd6 Qb8
34. Rg4+ 1-0

[Event "GLOCAL SQUARE 53rd National Challengers Chess Cham"]
[Site "Naivedhyam Celebration Centre, Nagpur"]
[Date "2015.08.18"]
[Round "3"]
[Board "9"]
[White "Himanshu, Sharma"]
[Black "Sekar, B"]
[Result "1-0"]
[WhiteElo "2417"]
[BlackElo "2214"]
[PlyCount "91"]
[EventDate "2015.08.17"]
[EventRounds "13"]
[EventCountry "IND"]

1. e4 c5 2. Nc3 d6 3. Nge2 Nf6 4. g3 g6 5. Bg2 Bg7 6. d4 cxd4 7. Nxd4 O-O 8.
O-O Bg4 9. Nde2 Nc6 10. h3 Bd7 11. a4 Rc8 12. Nd5 Ne5 13. Ra2 Nc6 14. c3 Na5
15. Re1 Nc4 16. b3 Na5 17. Bg5 Be6 18. c4 Bxd5 19. exd5 Qb6 20. Nc1 Qc7 21.
Rae2 Rfe8 22. Nd3 a6 23. Bd2 Kf8 24. h4 b5 25. cxb5 axb5 26. b4 Nc4 27. a5 Qa7
28. Bg5 Qd4 29. h5 Nxd5 30. Bxd5 Qxd5 31. Bxe7+ Kg8 32. hxg6 hxg6 33. Nf4 Qxd1
34. Rxd1 Be5 35. Nd5 Nb2 36. Rb1 Na4 37. Kf1 Nc3 38. Nxc3 Bxc3 39. Bxd6 Rxe2
40. Kxe2 Bd4 41. Rd1 Ba7 42. Rd5 Rd8 43. Rd2 f5 44. Bf4 Re8+ 45. Kf3 Re7 46.
Rd5 1-0

[Event "GLOCAL SQUARE 53rd National Challengers Chess Cham"]
[Site "Naivedhyam Celebration Centre, Nagpur"]
[Date "2015.08.18"]
[Round "3"]
[Board "10"]
[White "Singh, D.P."]
[Black "Rathnakaran, K."]
[Result "0-1"]
[WhiteElo "2221"]
[BlackElo "2417"]
[PlyCount "90"]
[EventDate "2015.08.17"]
[EventRounds "13"]
[EventCountry "IND"]

1. d4 Nf6 2. Nc3 c5 3. dxc5 e5 4. Nf3 Nc6 5. e4 Bxc5 6. Bd3 h6 7. a3 a6 8. O-O
d6 9. h3 g5 10. Nh2 g4 11. hxg4 Rg8 12. g5 hxg5 13. Be3 g4 14. Bxc5 dxc5 15.
Ne2 Be6 16. c3 Nd7 17. g3 Qf6 18. f4 gxf3 19. Rxf3 Qh6 20. Qc1 Qh5 21. Qe3 c4
22. Bc2 Rh8 23. Rf2 O-O-O 24. Rd1 Rdg8 25. Kf1 Rg6 26. Ke1 Rd8 27. Rd2 Qh8 28.
Kd1 Qf8 29. Kc1 Qc5 30. Qxc5 Nxc5 31. Rxd8+ Nxd8 32. Kd2 Bd7 33. Ke3 Rb6 34.
Nf3 Rxb2 35. Nc1 f6 36. Ne1 Rb6 37. Na2 a5 38. Nc1 Nf7 39. Nf3 Nh6 40. Nh2 Rb2
41. Rd2 Bc6 42. Nf1 Ng4+ 43. Ke2 Kc7 44. Ke1 Rb6 45. Bd1 Rb1 0-1

[Event "GLOCAL SQUARE 53rd National Challengers Chess Cham"]
[Site "Naivedhyam Celebration Centre, Nagpur"]
[Date "2015.08.18"]
[Round "3"]
[Board "11"]
[White "Ravi, Teja S."]
[Black "Lokesh, N."]
[Result "0-1"]
[WhiteElo "2416"]
[BlackElo "2189"]
[PlyCount "112"]
[EventDate "2015.08.17"]
[EventRounds "13"]
[EventCountry "IND"]

1. d4 Nf6 2. c4 e6 3. Nc3 d5 4. Bg5 Be7 5. cxd5 exd5 6. e3 c6 7. Qc2 O-O 8. Bd3
h6 9. Bh4 Re8 10. Nge2 Nbd7 11. f3 c5 12. O-O a6 13. Rad1 b5 14. dxc5 Bxc5 15.
Nxd5 Nxd5 16. Bxd8 Nxe3 17. Qc1 Nxd1+ 18. Kh1 Nf2+ 19. Rxf2 Bxf2 20. Be4 Bb7
21. Bxb7 Raxd8 22. Qf1 Nc5 23. Bc6 Re6 24. Qxf2 Rd1+ 25. Ng1 Nd3 26. Qa7 Rxc6
27. h4 Rc4 28. Kh2 Rd2 29. Qe3 Rcc2 30. Kh3 g6 31. b3 Kh7 32. Qa7 Kg7 33. Qd4+
Kh7 34. Qf6 Kg8 35. Qd8+ Kh7 36. Qf6 Kg8 37. Qd8+ Kg7 38. Qd4+ Kh7 39. Qf6 Nf2+
40. Kg3 Kg8 41. a3 Nd3 42. Ne2 Rxe2 43. Qd8+ Kg7 44. Qxd3 Rxg2+ 45. Kf4 Rc6 46.
Ke5 Re6+ 47. Kd5 Rf6 48. f4 h5 49. f5 gxf5 50. Ke5 f4 51. Qf3 Rg3 52. Qf2 Rxb3
53. a4 bxa4 54. Qd2 Rg3 55. Qd1 f3 56. Qd8 Rgg6 0-1

[Event "GLOCAL SQUARE 53rd National Challengers Chess Cham"]
[Site "Naivedhyam Celebration Centre, Nagpur"]
[Date "2015.08.18"]
[Round "3"]
[Board "12"]
[White "Sahoo, Utkal Ranjan"]
[Black "Nitin, S."]
[Result "1-0"]
[WhiteElo "2215"]
[BlackElo "2404"]
[PlyCount "105"]
[EventDate "2015.08.17"]
[EventRounds "13"]
[EventCountry "IND"]

1. d4 Nf6 2. c4 g6 3. Nc3 Bg7 4. e4 d6 5. Bd3 O-O 6. Nge2 Nbd7 7. O-O e5 8. d5
Nh5 9. Be3 f5 10. exf5 gxf5 11. f4 e4 12. Bc2 Ndf6 13. h3 c5 14. dxc6 bxc6 15.
Qd2 Be6 16. Rfd1 Bxc4 17. Qxd6 Qxd6 18. Rxd6 Nd5 19. Kf2 Nxe3 20. Kxe3 Rab8 21.
Rxc6 Rxb2 22. Rxc4 Rxc2 23. Rc1 Rxc1 24. Nxc1 Nxf4 25. Kxf4 Bh6+ 26. Kg3 Bxc1
27. Nxe4 Be3 28. Kf3 Bb6 29. Ng3 Kg7 30. Kf4 Rd8 31. Nxf5+ Kf7 32. a4 h5 33. g3
Rd5 34. g4 hxg4 35. hxg4 Rc5 36. Nd6+ Kg6 37. Rxc5 Bxc5 38. Ne4 Bd4 39. Nd2 Bb6
40. g5 Bc7+ 41. Kg4 Bd8 42. Nf3 Bc7 43. Nh4+ Kg7 44. Kf5 Ba5 45. Ng6 Bc3 46.
Nf4 Bb2 47. Ne6+ Kh7 48. Nd8 Bc3 49. Nc6 a5 50. g6+ Kh6 51. Nxa5 Bxa5 52. Kf6
Bd2 53. Kf7 1-0

[Event "GLOCAL SQUARE 53rd National Challengers Chess Cham"]
[Site "Naivedhyam Celebration Centre, Nagpur"]
[Date "2015.08.18"]
[Round "3"]
[Board "13"]
[White "Satyapragyan, Swayangsu"]
[Black "Aradhya, Garg"]
[Result "1/2-1/2"]
[WhiteElo "2397"]
[BlackElo "2129"]
[PlyCount "90"]
[EventDate "2015.08.17"]
[EventRounds "13"]
[EventCountry "IND"]

1. e4 e5 2. Nf3 Nc6 3. Bb5 a6 4. Ba4 d6 5. O-O Bd7 6. c3 Nge7 7. d4 Ng6 8. d5
Nb8 9. Bc2 Be7 10. c4 h6 11. Nc3 Bg5 12. Nxg5 hxg5 13. g3 Qf6 14. f3 Bh3 15.
Rf2 Nd7 16. Be3 Nf4 17. Kh1 Ke7 18. Qd2 Rh5 19. Ne2 Rah8 20. Rg1 Nxe2 21. Qxe2
g4 22. Bd1 Qg6 23. fxg4 R5h7 24. g5 Qxe4+ 25. Qf3 Bf5 26. Re1 Rh3 27. Kg1 Bg6
28. Qxe4 Bxe4 29. Rd2 f5 30. gxf6+ gxf6 31. Bg4 R3h7 32. Rf1 Nc5 33. Bxc5 dxc5
34. b3 Rd8 35. Bf5 Bxf5 36. Rxf5 c6 37. Rdf2 Rd6 38. dxc6 Rxc6 39. Rd2 b5 40.
Rf3 bxc4 41. bxc4 Ke6 42. g4 Rb7 43. Kg2 Rb4 44. Rc2 Rd6 45. Kg3 Rb1 1/2-1/2

[Event "GLOCAL SQUARE 53rd National Challengers Chess Cham"]
[Site "Naivedhyam Celebration Centre, Nagpur"]
[Date "2015.08.18"]
[Round "3"]
[Board "14"]
[White "Iniyan, P"]
[Black "Krishna, C.R.G."]
[Result "1-0"]
[WhiteElo "2214"]
[BlackElo "2385"]
[PlyCount "60"]
[EventDate "2015.08.17"]
[EventRounds "13"]
[EventCountry "IND"]

1. d4 f5 2. c4 Nf6 3. g3 g6 4. Bg2 Bg7 5. Nf3 O-O 6. O-O d6 7. b3 e5 8. dxe5
dxe5 9. Bb2 e4 10. Nd4 Re8 11. Qc2 c5 12. Nb5 Nc6 13. N1c3 a6 14. Rad1 Qe7 15.
Na3 Nd4 16. Qb1 Be6 17. Nc2 Rad8 18. Rfe1 Qc7 19. Na4 Ng4 20. h3 Nxc2 21. Qxc2
Ne5 22. f4 exf3 23. exf3 Rxd1 24. Qxd1 f4 25. gxf4 Nf7 26. Bxg7 Kxg7 27. Qa1+
Kg8 28. Nc3 Re7 29. Ne4 Nh6 30. Nf6+ Kf7 1-0

[Event "GLOCAL SQUARE 53rd National Challengers Chess Cham"]
[Site "Naivedhyam Celebration Centre, Nagpur"]
[Date "2015.08.18"]
[Round "3"]
[Board "15"]
[White "Harsha, Bharathakoti"]
[Black "Kumar, Gaurav"]
[Result "1-0"]
[WhiteElo "2360"]
[BlackElo "2126"]
[PlyCount "139"]
[EventDate "2015.08.17"]
[EventRounds "13"]
[EventCountry "IND"]

1. Nf3 d5 2. c4 c6 3. e3 Nf6 4. Nc3 e6 5. Qc2 Nbd7 6. b3 Bd6 7. Bb2 O-O 8. Be2
Qe7 9. Rg1 Ba3 10. Bxa3 Qxa3 11. g4 b6 12. h4 Bb7 13. g5 Ne8 14. h5 g6 15. Nh4
Ng7 16. h6 Nf5 17. Nxf5 exf5 18. cxd5 cxd5 19. Nb5 Qe7 20. Qb2 f6 21. gxf6 Qxf6
22. Qxf6 Nxf6 23. Nd4 Ne4 24. f4 Rac8 25. d3 Nd6 26. Kd2 Kf7 27. Nf3 Kg8 28.
Rac1 Nf7 29. Rxc8 Rxc8 30. Rh1 Kf8 31. Rh4 Kg8 32. Nd4 Kf8 33. Bf3 Ke7 34. Nb5
a6 35. Nd4 Kf6 36. Rh2 Rc7 37. a3 Rc8 38. Bd1 a5 39. Rh1 Ke7 40. b4 axb4 41.
axb4 Nd8 42. Bb3 Ne6 43. Nxe6 Kxe6 44. Ra1 Kd6 45. Ra7 Rc7 46. Ke2 Kd7 47. Kd1
Kd6 48. Kd2 Kd7 49. Ra1 Kd6 50. Ba4 Rc8 51. Bb5 Rc7 52. Ra3 Re7 53. Ra7 Kc7 54.
Ra1 Kd6 55. Rg1 Rc7 56. Be8 Rc8 57. Bxg6 Rg8 58. Rg5 hxg6 59. h7 Rh8 60. Rxg6+
Kc7 61. Rg7+ Kc6 62. b5+ Kxb5 63. Rxb7 Kc6 64. Rf7 Kd6 65. Kc3 Kc5 66. Rg7 b5
67. d4+ Kc6 68. Kb4 Kb6 69. Rg6+ Kc7 70. Rh6 1-0

[Event "GLOCAL SQUARE 53rd National Challengers Chess Cham"]
[Site "Naivedhyam Celebration Centre, Nagpur"]
[Date "2015.08.18"]
[Round "3"]
[Board "16"]
[White "Shetty, Rahul"]
[Black "K., Praneeth Surya"]
[Result "1/2-1/2"]
[WhiteElo "2192"]
[BlackElo "2347"]
[PlyCount "98"]
[EventDate "2015.08.17"]
[EventRounds "13"]
[EventCountry "IND"]

1. e4 c5 2. Nf3 d6 3. d4 cxd4 4. Nxd4 Nf6 5. Nc3 a6 6. Be3 e5 7. Nb3 Be7 8. Qd2
O-O 9. O-O-O Be6 10. Kb1 Ng4 11. f4 Nxe3 12. Qxe3 exf4 13. Qxf4 Nc6 14. Be2 Ne5
15. Nd4 Rc8 16. Nd5 Bxd5 17. exd5 Qb6 18. Rhf1 Rfe8 19. g4 Bf8 20. h4 g6 21. h5
Bg7 22. b3 Re7 23. Rd2 Nc4 24. Bxc4 Rxc4 25. Rfd1 Be5 26. Qf2 Rec7 27. h6 Rc3
28. g5 Qc5 29. Re1 f6 30. Ne6 Qxf2 31. Rxf2 Rf7 32. Ref1 f5 33. Rf3 Rc8 34. c4
Re7 35. a4 Kf7 36. Re1 Rxe6 37. dxe6+ Kxe6 38. Re2 b6 39. Kc2 b5 40. axb5 axb5
41. Kd3 bxc4+ 42. bxc4 Ra8 43. Rc2 f4 44. c5 dxc5 45. Rxc5 Kf5 46. Rf1 Ra3+ 47.
Kd2 Ra2+ 48. Kd3 Ra3+ 49. Kd2 Ra2+ 1/2-1/2

[Event "GLOCAL SQUARE 53rd National Challengers Chess Cham"]
[Site "Naivedhyam Celebration Centre, Nagpur"]
[Date "2015.08.18"]
[Round "3"]
[Board "17"]
[White "Palit, Somak"]
[Black "Pradip, Tiwari"]
[Result "1-0"]
[WhiteElo "2345"]
[BlackElo "2073"]
[PlyCount "57"]
[EventDate "2015.08.17"]
[EventRounds "13"]
[EventCountry "IND"]

1. e4 d6 2. d4 Nf6 3. Nc3 g6 4. Bg5 Bg7 5. e5 Nfd7 6. f4 O-O 7. Nf3 f6 8. Bh4
Nb6 9. Be2 c6 10. O-O Qc7 11. Kh1 N8d7 12. exd6 exd6 13. d5 Rf7 14. a4 Nf8 15.
dxc6 bxc6 16. a5 Nbd7 17. Bc4 d5 18. Nxd5 cxd5 19. Qxd5 Nc5 20. Qxa8 Be6 21.
Bxe6 Ncxe6 22. f5 gxf5 23. c3 Bh6 24. Qd5 Nf4 25. Qxf5 Qc6 26. Bg3 N8g6 27.
Rad1 Kg7 28. Bxf4 Bxf4 29. Nd4 1-0

[Event "GLOCAL SQUARE 53rd National Challengers Chess Cham"]
[Site "Naivedhyam Celebration Centre, Nagpur"]
[Date "2015.08.18"]
[Round "3"]
[Board "18"]
[White "Neelash, Saha"]
[Black "Suvrajit, Saha"]
[Result "1/2-1/2"]
[WhiteElo "2065"]
[BlackElo "2326"]
[PlyCount "35"]
[EventDate "2015.08.17"]
[EventRounds "13"]
[EventCountry "IND"]

1. d4 d5 2. Bf4 c5 3. e3 Nc6 4. c3 Qb6 5. Qb3 c4 6. Qc2 Bf5 7. Qxf5 Qxb2 8.
Qxd5 Rd8 9. Qxc4 e5 10. Qb3 Qxa1 11. Qxb7 Nge7 12. Bxe5 Qxa2 13. Nf3 Rd7 14.
Qa8+ Rd8 15. Qb7 Rd7 16. Qa8+ Rd8 17. Qb7 Rd7 18. Qa8+ 1/2-1/2

[Event "GLOCAL SQUARE 53rd National Challengers Chess Cham"]
[Site "Naivedhyam Celebration Centre, Nagpur"]
[Date "2015.08.18"]
[Round "3"]
[Board "19"]
[White "Manush, Shah"]
[Black "Kathmale, Sameer"]
[Result "0-1"]
[WhiteElo "2003"]
[BlackElo "2288"]
[PlyCount "157"]
[EventDate "2015.08.17"]
[EventRounds "13"]
[EventCountry "IND"]

1. d4 d5 2. c4 c6 3. Nc3 Nf6 4. e3 a6 5. Nf3 Bf5 6. Qb3 Ra7 7. Be2 e6 8. O-O
Bd6 9. Rd1 O-O 10. Bd2 Nbd7 11. Rac1 dxc4 12. Bxc4 b5 13. Be2 c5 14. e4 Nxe4
15. Nxe4 Bxe4 16. dxc5 Bxc5 17. Be3 Bxe3 18. Qxe3 Qa8 19. Ng5 Bd5 20. Bf3 Bxf3
21. Qxf3 Qxf3 22. Nxf3 Nb6 23. Rc6 Nd5 24. a3 g6 25. g3 Kg7 26. Nd4 Ne7 27. Rc5
Rc8 28. Nb3 Rac7 29. Rxc7 Rxc7 30. Rd6 Rc6 31. Rd7 Nf5 32. Nd4 Nxd4 33. Rxd4
Rc2 34. Rd6 a5 35. b3 Rc3 36. Ra6 Rxb3 37. Rxa5 Kf6 38. a4 b4 39. Rb5 e5 40. a5
Ra3 41. Rxb4 Rxa5 42. f4 Ra1+ 43. Kg2 Ra2+ 44. Kg1 Re2 45. fxe5+ Kxe5 46. Rb7
Kf6 47. Rb6+ Kg5 48. Rb7 Kf6 49. Rb6+ Kg7 50. Rb7 g5 51. g4 Kg6 52. h3 f6 53.
Rb6 Rd2 54. Ra6 Rc2 55. Rb6 Rc4 56. Kg2 Rf4 57. Kg3 h5 58. gxh5+ Kxh5 59. h4
Rg4+ 60. Kf3 Rf4+ 61. Kg3 Rg4+ 62. Kf3 Kxh4 63. Rxf6 Kh3 64. Kf2 Rg2+ 65. Kf1
g4 66. Rb6 Kh2 67. Rh6+ Kg3 68. Rb6 Ra2 69. Rb3+ Kh2 70. Rb7 Ra1+ 71. Ke2 g3
72. Rh7+ Kg1 73. Rg7 g2 74. Rh7 Ra5 75. Rh8 Re5+ 76. Kd2 Kf2 77. Rf8+ Kg3 78.
Rg8+ Kf3 79. Kd1 0-1

[Event "GLOCAL SQUARE 53rd National Challengers Chess Cham"]
[Site "Naivedhyam Celebration Centre, Nagpur"]
[Date "2015.08.18"]
[Round "3"]
[Board "20"]
[White "Sangma, Rahul"]
[Black "Satkar, Chirag"]
[Result "1-0"]
[WhiteElo "2285"]
[BlackElo "2015"]
[PlyCount "101"]
[EventDate "2015.08.17"]
[EventRounds "13"]
[EventCountry "IND"]

1. e4 e6 2. d4 d5 3. Nd2 c5 4. exd5 exd5 5. Ngf3 Nc6 6. Bb5 Bd6 7. dxc5 Bxc5 8.
Nb3 Bd6 9. O-O Nge7 10. h3 O-O 11. Nbd4 h6 12. c3 a6 13. Ba4 Bc7 14. Bc2 Nxd4
15. Qxd4 Qd6 16. Be3 Nf5 17. Qc5 Nxe3 18. Qxd6 Bxd6 19. fxe3 Bc5 20. Nd4 Re8
21. Rf3 Bxd4 22. exd4 Be6 23. Kf2 Rac8 24. a4 a5 25. Ra3 Rc7 26. Bf5 Bxf5 27.
Rxf5 Rce7 28. Kg1 g6 29. Rf2 Re6 30. Rb3 b6 31. Rb5 Rd6 32. Kf1 Kf8 33. Re2
Rxe2 34. Kxe2 Ke7 35. b4 axb4 36. cxb4 h5 37. a5 bxa5 38. bxa5 Kd7 39. Kd3 Kc7
40. Kc3 g5 41. Kb4 f5 42. Kc5 f4 43. Rb2 Ra6 44. Ra2 g4 45. Kxd5 f3 46. gxf3
gxf3 47. Ke4 f2 48. Rxf2 Rxa5 49. Rf5 Rxf5 50. Kxf5 Kd6 51. Kg5 1-0

[Event "GLOCAL SQUARE 53rd National Challengers Chess Cham"]
[Site "Naivedhyam Celebration Centre, Nagpur"]
[Date "2015.08.19"]
[Round "4"]
[Board "1"]
[White "Sengupta, Deep"]
[Black "Harsha, Bharathakoti"]
[Result "1-0"]
[WhiteElo "2594"]
[BlackElo "2360"]
[PlyCount "41"]
[EventDate "2015.08.17"]
[EventRounds "13"]
[EventCountry "IND"]

1. e4 c5 2. Nf3 e6 3. d4 cxd4 4. Nxd4 a6 5. Nc3 Qc7 6. f4 b5 7. Bd3 Bb7 8. Qe2
Nf6 9. Bd2 b4 10. Na4 Nc6 11. Nb3 d5 12. e5 Nd7 13. O-O Na5 14. Nxa5 Qxa5 15.
b3 Nc5 16. f5 Nxd3 17. Qxd3 Bc5+ 18. Kh1 exf5 19. a3 Be7 20. Qxf5 O-O 21. Qd7
 1-0

[Event "GLOCAL SQUARE 53rd National Challengers Chess Cham"]
[Site "Naivedhyam Celebration Centre, Nagpur"]
[Date "2015.08.19"]
[Round "4"]
[Board "2"]
[White "Karthikeyan, Murali"]
[Black "Palit, Somak"]
[Result "1/2-1/2"]
[WhiteElo "2510"]
[BlackElo "2345"]
[PlyCount "63"]
[EventDate "2015.08.17"]
[EventRounds "13"]
[EventCountry "IND"]

1. Nf3 d5 2. g3 Nf6 3. Bg2 g6 4. c4 dxc4 5. Qa4+ Nfd7 6. O-O Bg7 7. Qxc4 O-O 8.
Qc2 c5 9. Nc3 Nc6 10. d3 b6 11. Be3 Bb7 12. Rfd1 Rc8 13. d4 cxd4 14. Nxd4 Nxd4
15. Bxd4 Bxg2 16. Kxg2 Qc7 17. Qe4 Bxd4 18. Rxd4 Nf6 19. Qf3 Rfd8 20. Rad1 a6
21. a4 Rxd4 22. Rxd4 Rd8 23. Rxd8+ Qxd8 24. Qc6 Kg7 25. e3 e6 26. h3 h5 27. Qb7
a5 28. Qc6 Kf8 29. Kg1 Ke7 30. Qb7+ Kf8 31. Qc6 Ke7 32. Qb7+ 1/2-1/2

[Event "GLOCAL SQUARE 53rd National Challengers Chess Cham"]
[Site "Naivedhyam Celebration Centre, Nagpur"]
[Date "2015.08.19"]
[Round "4"]
[Board "3"]
[White "Shyam, Sundar M."]
[Black "Sangma, Rahul"]
[Result "1-0"]
[WhiteElo "2499"]
[BlackElo "2285"]
[PlyCount "97"]
[EventDate "2015.08.17"]
[EventRounds "13"]
[EventCountry "IND"]

1. e4 e5 2. Nf3 Nc6 3. Bb5 Nf6 4. d3 Bc5 5. Nbd2 d6 6. O-O a6 7. Bxc6+ bxc6 8.
h3 h6 9. Re1 O-O 10. Nf1 Re8 11. Ng3 a5 12. Bd2 d5 13. exd5 Qxd5 14. Bc3 Bd4
15. Ne4 Bxc3 16. Nxf6+ gxf6 17. bxc3 f5 18. c4 Qd6 19. d4 e4 20. c5 Qe6 21. Ne5
f6 22. Ng6 Qf7 23. Nf4 Be6 24. Re3 Kh7 25. a3 Rab8 26. Rb1 Qd7 27. Rxb8 Rxb8
28. Nh5 Qe7 29. Rg3 Rg8 30. Rxg8 Bxg8 31. Qd2 Bf7 32. Ng3 Bg6 33. Qxa5 f4 34.
Ne2 f3 35. Nf4 fxg2 36. Qc3 Bf7 37. a4 f5 38. a5 Qd8 39. Nxg2 Qb8 40. Qg3 Qa7
41. Nh4 Qxa5 42. Nxf5 Bg6 43. Ne7 Bf7 44. Nxc6 Qa2 45. Ne5 Bh5 46. Ng4 Qa1+ 47.
Kg2 Qxd4 48. Qxc7+ Kh8 49. Qe5+ 1-0

[Event "GLOCAL SQUARE 53rd National Challengers Chess Cham"]
[Site "Naivedhyam Celebration Centre, Nagpur"]
[Date "2015.08.19"]
[Round "4"]
[Board "4"]
[White "Rathnakaran, K."]
[Black "Venkatesh, M.R."]
[Result "1/2-1/2"]
[WhiteElo "2417"]
[BlackElo "2484"]
[PlyCount "96"]
[EventDate "2015.08.17"]
[EventRounds "13"]
[EventCountry "IND"]

1. e4 e5 2. Nf3 Nc6 3. Bc4 Nf6 4. d3 Bc5 5. c3 a6 6. Bb3 Ba7 7. h3 d5 8. Qe2
dxe4 9. dxe4 Qe7 10. Be3 Be6 11. Bxe6 Qxe6 12. Bxa7 Nxa7 13. Nbd2 Nc6 14. Nf1
O-O-O 15. Ng3 h6 16. b4 Ne7 17. b5 Ng6 18. O-O a5 19. c4 Nf4 20. Qc2 Rd3 21.
Ne1 Rd4 22. Rc1 Rhd8 23. Kh2 Rd2 24. Qa4 b6 25. Nf3 Rb2 26. Qa3 Rb4 27. Qc3 Nd3
28. a3 Ra4 29. Rc2 Nc5 30. Nxe5 Nfxe4 31. Qa1 Nb3 32. Qb2 Nd4 33. Nc6 Nxc2 34.
Nxd8 Kxd8 35. Rd1+ Kc8 36. Qxc2 Rxc4 37. Qb2 Nd6 38. Qxg7 Rc2 39. a4 Rxf2 40.
Qc3 Qa2 41. Qc6 Rc2 42. Qa8+ Kd7 43. Nf5 Qxa4 44. Nxd6 cxd6 45. Re1 Qf4+ 46.
Kh1 Rc1 47. Qb7+ Rc7 48. Qxb6 Qb4 1/2-1/2